Structural adjustment and economic performance
Gespeichert in:
| Körperschaft: | |
|---|---|
| Format: | Buch |
| Sprache: | Undetermined |
| Veröffentlicht: |
Paris
OECD Publications and Information Centre
1987
|
| Schlagworte: | |
| Tags: |
Tag hinzufügen
Keine Tags, Fügen Sie den ersten Tag hinzu!
|
| Thư viện lưu trữ: | Trung tâm Học liệu Trường Đại học Cần Thơ |
|---|
| LEADER | 00601nam a2200169Ia 4500 | ||
|---|---|---|---|
| 001 | CTU_79298 | ||
| 008 | 210402s9999 xx 000 0 und d | ||
| 082 | |a 338.9 | ||
| 082 | |b O.68 | ||
| 110 | |a Organisation for Economic Co-operation and Development | ||
| 245 | 0 | |a Structural adjustment and economic performance | |
| 245 | 0 | |c Organisation for Economic Co-operation and Development | |
| 260 | |a Paris | ||
| 260 | |b OECD Publications and Information Centre | ||
| 260 | |c 1987 | ||
| 650 | |a Economic policy,Industrial efficiency,Microeconomics | ||
| 980 | |a Trung tâm Học liệu Trường Đại học Cần Thơ | ||